| 000 | 00444nam a2200169Ia 4500 | ||
|---|---|---|---|
| 008 | 230125s9999 xx 000 0 und d | ||
| 041 | _aeng | ||
| 082 |
_a909 _bMAZ |
||
| 100 |
_aMazour A G _9114030 |
||
| 245 | _aWorld history : people and nations | ||
| 260 |
_c1990 _bHarcourt Asia _aNew York |
||
| 300 | _a1005p | ||
| 500 | _aWorld history | ||
| 650 | _aGeneral | ||
| 700 |
_aMazour A G & Peoples J M _9114031 |
||
| 999 |
_c91307 _d91307 |
||